| 000 | 00868nam a22003257a 4500 | ||
|---|---|---|---|
| 005 | 20260128084626.0 | ||
| 008 | 260128b2020 |||||||| |||| 00| 0 spa d | ||
| 020 | _a9789588328904 | ||
| 041 | _aESP | ||
| 082 | _a617.64 D272o | ||
| 100 | _aDawson, Peter | ||
| 245 | _aOclusión funcional: diseño de la sonrisa a partir de la ATM | ||
| 260 | _aColombia | ||
| 260 | _bAMOLCA | ||
| 260 | _c2020 | ||
| 300 | _a630 páginas | ||
| 300 | _bFotografías a color | ||
| 490 | _aMecánica Dental | ||
| 650 | _aOCLUSIÓN | ||
| 650 | _aENFERMEDAD OCLUSAL | ||
| 650 | _aARTICULACIÓN TEMPOROMANDIBULAR | ||
| 650 | _aARMONÍA FUNCIONAL | ||
| 650 | _aDISFUNCIÓN | ||
| 650 | _aTRASTORNOS OCLUSOMUSCULARES | ||
| 650 | _aTRASTORNOS INTRACAPSULARES | ||
| 650 | _aIMAGENOLOGÍA | ||
| 650 | _aBRUXISMO | ||
| 650 | _aRESTAURACIÓN OCLUSAL | ||
| 942 |
_2ddc _cBK |
||
| 999 |
_c13858 _d13858 |
||